| 000 -LEADER |
| fixed length control field |
00950cam a2200253 a 4500 |
| 005 - DATE AND TIME OF LATEST TRANSACTION |
| control field |
20131031041933.0 |
| 008 - FIXED-LENGTH DATA ELEMENTS--GENERAL INFORMATION |
| fixed length control field |
901024s1990 nyua b i000 0 eng d |
| 020 ## - INTERNATIONAL STANDARD BOOK NUMBER |
| International Standard Book Number |
9211091187 |
| 041 0# - LANGUAGE CODE |
| Language code of text/sound track or separate title |
eng |
| 080 ## - UNIVERSAL DECIMAL CLASSIFICATION NUMBER |
| Universal Decimal Classification number |
33 |
| 245 00 - TITLE STATEMENT |
| Title |
Global outlook 2000 : |
| Statement of responsibility, etc |
by the United Nations. |
| 260 ## - |
| -- |
New York : |
| -- |
U.N., |
| -- |
c1990. |
| 300 ## - |
| -- |
xi, 340 p. : |
| -- |
ill. ; |
| -- |
23 cm. |
| 500 ## - |
| -- |
Foreword by the secretary-general : f.IX-XI |
| 500 ## - |
| -- |
"Global outlook 2000 is a revised version of an earlier study..."--P. xi. |
| 500 ## - |
| -- |
"United Nations publications: ST/ESA/215/Rev 1; Sales no. E.90.II.C.3"--T.p. verso. |
| 504 ## - BIBLIOGRAPHY, ETC. NOTE |
| Bibliography, etc |
Includes bibliographical references. |
| 650 #0 - |
| -- |
Zhvillimi ekonomik |
| 650 #0 - |
| -- |
Zhvillimi ekonomik |
| -- |
Aspektet mjedisore |
| 650 #0 - |
| -- |
Zhvillimi ekonomik |
| -- |
Aspektet sociale |
| 650 #0 - |
| -- |
Historia ekonomike |
| -- |
1971-1990. |
| 710 2# - |
| -- |
United Nations. |
| 942 ## - ADDED ENTRY ELEMENTS (KOHA) |
| Source of classification or shelving scheme |
|
| Item type |
Books |